000 00714nam a2200289Ia 4500
005 20260324124053.0
008 008 260324s9999 xx 000 0 eng d
020 _a9781315650180
037 _aEBOOK
040 _aCRL
040 _beng
040 _cCRL
041 _2eng
041 _aeng
084 _qCRL
100 _aCarol Rounds; Erika Solyom; Carol Rounds; Erika Sólyom
_91172722
245 0 _aColloquial Hungarian
245 4 _bThe Complete Course for Beginners
260 _bTaylor and Francis
260 _c2011
365 _a
365 _b240
856 _uhttp://www.taylorfrancis.com/books/9781315650180
942 _cEBOOK
999 _c1766814
_d1766814